AH International Schools' Libraries

Human body: (Record no. 47779)

MARC details
000 -LEADER
fixed length control field 00353nam a2200121 4500
020 ## - INTERNATIONAL STANDARD BOOK NUMBER
International Standard Book Number 9781912502332
100 ## - MAIN ENTRY--PERSONAL NAME
Personal name Cavell-Clarke, Steffi
9 (RLIN) 85609
245 ## - TITLE STATEMENT
Title Human body:
Remainder of title extreme facts /
Statement of responsibility, etc Steffi Cavell Clarke & Holly Duhig
260 ## - PUBLICATION, DISTRIBUTION, ETC. (IMPRINT)
Place of publication, distribution, etc Malaysia
Name of publisher, distributor, etc The Secret Book
Date of publication, distribution, etc 2019
300 ## - PHYSICAL DESCRIPTION
Extent 24 p.
Other physical details col. ill.
Dimensions 24 cm.
650 ## - SUBJECT ADDED ENTRY--TOPICAL TERM
Topical term or geographic name as entry element Human Body
942 ## - ADDED ENTRY ELEMENTS (KOHA)
Source of classification or shelving scheme
Koha item type Book
Holdings
Withdrawn status Lost status Source of classification or shelving scheme Damaged status Not for loan Collection code Home library Current library Shelving location Date acquired Total Checkouts Full call number Barcode Date last seen Date checked out Price effective from Koha item type
          TEACHERS' RESOURCES Asian Hope Primary Library Asian Hope Primary Library Non Fiction 11/05/2024 2 612 CAV 204716 08/26/2025 07/31/2025 11/05/2024 Book

For any Logos Library related questions please contact Miss Art at swongnarasuk@asianhope.org.

For any Asian Hope Library related questions please contact Miss Raza at graza@asianhope.org.

Powered by Koha